Southville International School and Colleges
Your cart is empty.
  • Cart
  • Lists
    Public lists Eva Luna New books Lux_list list_1
    Your lists Log in to create your own lists
  • Log in to your account
  • Your cookies
  • Search history
Southville International School and Colleges
  • Advanced search
  • Recent comments
  • Most popular
  • Libraries

Log in to your account

Log in with GOOGLE


If you do not have an external account, but do have a local account, you can still log in:

  1. Home
  2. MARC view: Wild, wild wolves /
Normal view MARC view ISBD view

Wild, wild wolves / (Record no. 110107)

[ view plain ]
MARC details
000 -LEADER
fixed length control field 00697nam a2200193 a 4500
001 - CONTROL NUMBER
control field 2291
005 - DATE AND TIME OF LATEST TRANSACTION
control field 20140414131849.0
008 - FIXED-LENGTH DATA ELEMENTS--GENERAL INFORMATION
fixed length control field 001113s19uu xx 00 eng d
020 ## - INTERNATIONAL STANDARD BOOK NUMBER
International Standard Book Number 0-679-81052-8
050 ## - LIBRARY OF CONGRESS CALL NUMBER
Classification number M 599.74
Item number M64 1992
100 ## - MAIN ENTRY--PERSONAL NAME
Personal name Milton, Joyce
245 ## - TITLE STATEMENT
Title Wild, wild wolves /
Statement of responsibility, etc Joyce Milton ; illustrated by Larry Schwinger.
260 ## - PUBLICATION, DISTRIBUTION, ETC. (IMPRINT)
Place of publication, distribution, etc New York :
Name of publisher, distributor, etc Random House,
Date of publication, distribution, etc 1992.
300 ## - PHYSICAL DESCRIPTION
Extent 48 p. : col.,ill. ; cm.
440 ## - SERIES STATEMENT/ADDED ENTRY--TITLE
Title Step into reading. A step 2 book
520 ## - SUMMARY, ETC.
Summary, etc Intoduces the natural history of wolves, examining their social structure, hunting tactics, growth, and development, and explores myths and legends about them.
650 ## - SUBJECT ADDED ENTRY--TOPICAL TERM
Topical term or geographic name as entry element Wolves.
Holdings
Withdrawn status Lost status Damaged status Home library Current library Shelving location Date acquired Total Checkouts Full call number Barcode Date last seen Price effective from Koha item type
      Munich Library Munich Library Main Section 05/30/2005   M 599.74 M64 1992 M0402 04/14/2014 04/14/2014 Books

Wild, wild wolves /

APA

Milton J., . (1992). Wild, wild wolves. New York: Random House.

Chicago

Milton Joyce, . 1992. Wild, wild wolves. New York: Random House.

Harvard

Milton J., . (1992). Wild, wild wolves. New York: Random House.

MLA

Milton Joyce, . Wild, wild wolves. New York: Random House. 1992.

  • Place hold
  • Print
  • Cite
  • Add to your cart (remove)
  • Save record
    BIBTEX Dublin Core MARCXML MARC (non-Unicode/MARC-8) MARC (Unicode/UTF-8) MARC (Unicode/UTF-8, Standard) MODS (XML) RIS
  • More searches
    Search for this title in:
    Other Libraries (WorldCat) Other Databases (Google Scholar) Online Stores (Bookfinder.com) Open Library (openlibrary.org)

Exporting to Dublin Core...

SOUTHVILLE LIBRARY

Southville International School and Colleges Library

1281 Tropical Ave. Cor. Luxembourg St., BF Homes International, Las Pinas City

Tel. No. 8256374 / 252358 Loc. 117/146

Powered by Koha